000 00378nam a2200157Ia 4500
008 100122s9999 xx 000 0 und d
082 _b59655
_aBM823
100 _aBLYTON ENID
245 _aFIVE GO TO SMUGGLERS TOP
250 _a0
260 _bHODDER
_c1991
300 _a160
630 _aFIVE GO TO SMUGGLERS TOP
730 _aFIVE GO TO SMUGGLERS TOP
942 _cBOOK
999 _c377608
_d377605